| 000 | 00442nam a2200157Ia 4500 | ||
|---|---|---|---|
| 008 | 210719s2004 xx 000 0 und d | ||
| 041 | _aeng | ||
| 082 | _a158.1 SHAF | ||
| 100 | _aSHARBUNO (Jeanne) | ||
| 245 | _aFifty two ways to live success | ||
| 260 |
_aMumbai _bJaico Publishing House _c2004 |
||
| 300 |
_a168 _bPB |
||
| 650 | _aApplied Psychology | ||
| 650 | _aApplied Psychology | ||
| 906 | _aFifty ; live ; success ; to ; two ; ways | ||
| 999 |
_c215258 _d215258 |
||